000
00325nam a2200133Ia 4500
008
191201s2006 xx 000 0 und d
082
_a
621.38043
_b
GHS
100
_a
GHOSH, Samarjit
245
0
_a
Signal and Systems
260
_a
N.Delhi
_b
Pearson Education
_c
2006
300
_a
474
650
_a
B.Tech(ECE)
942
_2
ddc
_c
BK
999
_c
3280
_d
3280